000 00713nam a22002417a 4500
005 20170124110052.0
010 _aA-939340
020 _c395.00
_a812031316
035 _aA-939340
037 _bCen Lib/Ret
040 _aDPL
_bEN
082 _a004.67
_bRUN
245 _aRunning a perfect website /
_cBy Stephen Wynkoop...[et al.]
250 _a2nd ed
260 _aNew Delhi
_bPrentice hall of India
_c1998
270 _aM-97, Connuaght circus
_bNew Delhi
_e110001
300 _axxviii,711p.
_c21cm(Hb)
500 _aIncludes index
650 _aComputer science
_925586
650 _aWeb sites
_925587
700 _aWynkoop, Stephen
_925566
942 _2ddc
_cEN
_h004.67
_mRUN
999 _c129156
_d129156